| 000 | 01027nam a22002417a 4500 | ||
|---|---|---|---|
| 001 | 65265 | ||
| 003 | BD-RjUL | ||
| 005 | 20211209081414.0 | ||
| 008 | 170302s2003 ii ||||| b||| 00| 0 ben d | ||
| 020 | _c: TK. 150.00 | ||
| 035 | _a(BD-RjUL)65395 | ||
| 040 |
_aBD-RjUL _bben _cBD-RjUL _dBD-RjUL |
||
| 041 | _aben | ||
| 082 |
_223 _a891.4409 _bRAB 2003 |
||
| 100 |
_aরায়, ছন্দা _9175741 |
||
| 245 |
_aবাংলা সাহিত্যি ও সংবাদ-সাময়িক পএের দর্পণে কলকাতা (১৮০০-১৮৭২) / _cছন্দা রায় |
||
| 260 |
_aকলকাতা : _bপুস্তক বিপনি, _c২০০৩. |
||
| 300 |
_a৩২৮ পৃ. ; _c২৪ সে.মি. |
||
| 504 | _aসংযুক্ত গ্রন্থপজ্ঞী. | ||
| 650 |
_aবাংলা সাহিত্য _9193188 _xইতিহাস ও সমালোচনা |
||
| 650 |
_aBengali Literature _9193189 _xHistory and Criticism |
||
| 942 |
_2ddc _cBK |
||
| 999 |
_c65265 _d65265 |
||